Tiempo: ciencias sociales, geografía e historia. Educación secundaria, primer ciclo
Tallennettuna:
| Päätekijät: | , , , |
|---|---|
| Aineistotyyppi: | Kirja |
| Kieli: | espanja |
| Julkaistu: |
Barcelona
Vicens Vives
1996
|
| Aiheet: | |
| Tagit: |
Lisää tagi
Ei tageja, Lisää ensimmäinen tagi!
|
MARC
| LEADER | 00000nam a2200000 a 4500 | ||
|---|---|---|---|
| 001 | UCP8206 | ||
| 003 | CL-VaPUC | ||
| 008 | 000114e19960000SP |||||||||||||||||spa|d | ||
| 082 | 0 | 4 | |a 372.89 |b GAR |2 21 |
| 100 | |a García Sebastián, M |e author |9 561080 | ||
| 700 | 0 | |a Gatell Arimont, C |e author |9 438001 | |
| 700 | 0 | |a Pons Granja, J |e author |9 438002 | |
| 700 | 0 | |a Roig Obiol, Jean |e author |9 438003 | |
| 245 | 1 | 0 | |a Tiempo: ciencias sociales, geografía e historia. Educación secundaria, primer ciclo |
| 300 | |a v | ||
| 942 | |c BK | ||
| 945 | |d 20000114 00:00:00 |a crobeson | ||
| 260 | |a Barcelona |b Vicens Vives |c 1996 | ||
| 500 | |a Corresponde a: guía | ||
| 500 | |a v.1: Primer curso, opción b | ||
| 650 | 0 | |a Enseñanza de las ciencias sociales |9 337823 | |
| 650 | 0 | |a Enseñanza de la geografía |9 310005 | |
| 650 | 0 | |a Enseñanza de la historia |9 307330 | |
| 650 | 0 | |a Libros de texto |9 270019 | |
| 583 | |a last modification |c 20000114 00:00:00 |k Rodrigo Vera | ||
| 999 | |c 285141 |d 285139 | ||
| 952 | |0 0 |1 0 |4 0 |6 372_890000000000000_GAR_1996 |7 0 |8 A |9 329519 |a BIBHIS |b BIBHIS |d 2019-11-20 |h v.1 |i 1390139 |o 372.89 GAR 1996 |p 1390139 |r 2025-01-20 |w 2019-11-20 |y BK |k HIS | ||